El hombre que parecía un caballo ; (Record no. 26528)

MARC details
000 -LEADER
campo de control de longitud fija 00765nam a2200229 i 4500
001 - NÚMERO DE CONTROL
campo de control 26528
003 - IDENTIFICADOR DE NÚMERO DE CONTROL
campo de control ES-MaACL
005 - FECHA Y HORA DE LA ÚLTIMA TRANSACCIÓN
campo de control 20260324151844.0
007 - CAMPO FIJO DE DESCRIPCIÓN FÍSICA--INFORMACIÓN GENERAL
campo de control de longitud fija t|
008 - DATOS DE LONGITUD FIJA--INFORMACIÓN GENERAL
campo de control de longitud fija 030109s1920 gt ||||1| spa d
080 ## - NÚMERO DE LA CLASIFICACIÓN DECIMAL UNIVERSAL
Número de la Clasificación Decimal Universal 821.134.2(728.1)-32"19"
100 1# - ENTRADA PRINCIPAL--NOMBRE DE PERSONA
Nombre de persona Arévalo Martínez, Rafael.
9 (RLIN) 22664
245 13 - MENCIÓN DEL TÍTULO
Título El hombre que parecía un caballo ;
Resto del título y El ángel /
Mención de responsabilidad, etc. Rafael Arévalo Martínez.
260 ## - PUBLICACIÓN, DISTRIBUCIÓN, ETC.
Lugar de publicación, distribución, etc. Guatemala :
Nombre del editor, distribuidor, etc. Ayestas,
Fecha de publicación, distribución, etc. 1920 (
Fabricante Imp. Electra)
300 ## - DESCRIPCIÓN FÍSICA
Extensión 99 p.
530 ## - NOTA DISPONIBLE DE FORMULARIO FÍSICO ADICIONAL
Nota de formato físico adicional disponible Disponible en formato digital.
740 32 - ENTRADA AGREGADA--TÍTULO RELACIONADO/ANALÍTICO NO CONTROLADO
Título relacionado o analítico no controlado El ángel.
852 4# - LOCALIZACIÓN
Ubicación ES-MaACL
Número de control de estantería 1647-F-3
Ubicación en estantería Depósito folletos
Nota libre Revisado enlace: 02 de Abril de 2025
itemnumber 27527
856 4# - LOCALIZACIÓN Y ACCESO ELECTRÓNICOS
Identificador Uniforme de Recursos <a href="https://archive.org/details/elhombrequeparec00arva">https://archive.org/details/elhombrequeparec00arva</a>
Texto de enlace En linea
942 ## - ELEMENTOS DE ENTRADA SECUNDARIOS (KOHA)
Fuente del sistema de clasificación o colocación Clasificación decimal universal
Holdings
Estatus retirado Estado de pérdida Estado de daño No para préstamo Colección Biblioteca de origen Biblioteca actual Ubicación en estantería Fecha de adquisición Fuente de adquisición Total de préstamos Signatura topográfica completa Código de barras Visto por última vez Precio de reemplazo Tipo de ítem Koha
        Colección de folletos Biblioteca del Ateneo de Madrid Biblioteca del Ateneo de Madrid Depósito folletos 17/01/2008     1647-F-3 1027379 23/02/2023 23/02/2023 Folleto